00721nam a2200205 a 450000100100000000500170001000800410002702000150006804000250008310000240010824500880013226000300022030000210025049000350027170000380030683000400034404900090038495201050039399900170049800003433020200930073637.0111003s1995 es 000 0 spa d a8426412386 aDO-SdBNPbspacBNPHU1 aEco, Umberto94136713aLa isla del día de antes /cUmberto Eco ; traducción de Helena Lozano Miralles. aEspaña :bLumen,c1995. a422 p. ;c22 cm.1 aPalabra en el tiempo ;v238 p.1 aLozano Miralles, Helena de959756 0aaPalabra en el tiempo ;v238959757 aBNPD 001050718MOaGRbGRcHDd2011-10-03iLF1l0o p34330-10r2020-06-25w2020-06-25y1ZNo se presta c33821d33821